=LDR 00000nam 2200000 4500 =001 INLIS000000000810565 =005 20260607085205 =035 ##$$a 0010-0626000002 =007 ta =008 260607################g##########0#ind## =020 ##$$a 9786026486929 =082 ##$$a 152.4 =084 ##$$a 152.4 DAV t =100 #$$a David J. Lieberman ( Pengarang ) =245 1#$$a The Psychology of Emotion : $b Mengerti Daya Ledak Emosi Dan Cara Ampuh Mengelolanya Hingga Kamu Bisa Tetap Tenang Terkendali Di Segala Sesuatu =250 ##$$a Cetakan XXV =260 ##$$a Tanggerang,New York :$b Baca,Martin's press,$c 2025 =300 ##$$a xxi, 279 halaman : $b ilustrasi ; $c 23 cm =700 #$$a Maria Lubis & Dian Pranasari (Penerjemah) =700 #$$a Zia Anshor & Dien Cahaya SF (Penyunting) =600 #4$$a Emosi dan perasaan (Emotions and Feelings) =500 ##$$a Buku ini merupakan hibah dari santri kelas XII Angkatan 3 =990 ##$$a 00000005506 =990 ##$$a 00000005507